000 00603nam a2200205Ia 4500
005 20250508163324.0
008 008 250505s9999 xx 000 0 eng d
020 _a0-521-31856-4
037 _aTextual
040 _aFEDL
_beng
_cFEDL
041 _aeng
_2eng
084 _a407, MAL
_qFEDL
100 _aMaley Alan
_9126759
245 0 _aPoem into poem: Reading and writing poems with students of english
260 _aCambridge
_bCambridge University Press
_c1985
300 _a171p.
700 _a Moulding Sandra
_9775117
942 _cTEXL
_h407, MAL
999 _c1382317
_d1382317